000
00280nam a22001337a 4500
020
_a
0-431-13237-2
082
_a
001
_b
DOW/E
100
_a
DOWSWELL, PAUL
245
_a
GRAT INVENTIONS EVERYDAY LIFE
260
_a
USA
_b
HEINEMANN
300
_a
48
650
_a
GK
_z
USA
942
_c
BK
999
_c
6235
_d
6235